000 00701nam a2200229 i 4500
001 bg
245 0 0 _aKształtowanie kapitału ludzkiego firmy /
_cpod red. Barbary Kożuch.
260 _aBiałystok :
_bWydaw. Uniwersytetu w Białymstoku,
_c2000.
300 _a181 s. ;
_c24 cm.
500 _aNa s. red.błędny ISBN. - Tekst częśc. ang.
504 _aBibliogr. przy pracach.
650 9 _aKadry
_xpolityka
650 9 _aMenedżerowie
_xpraca
_xorganizacja
700 1 _aKOŻUCH, Barbara
_d(1950- ).
_eRed.
020 _a8387884456
040 _cBPK
041 0 _aplen
080 _a658.3.012.4:331.5
920 _a83-87884-45-6
942 _cKS
008 s pl f |000 0 pol
999 _c39769
_d39769
856 _uhttp://koha.tu.koszalin.pl/cgi-bin/koha/opac-detail.pl?biblionumber=39769
_yKatalog online BPK